000 01238nam a22002537a 4500
005 20080814155123.0
008 080814t xxu||||| |||| 00| 0 hin d
010 _aHIN-83930
020 _c300.00
035 _aHN-56276
037 _bDBAD / PUB
040 _aDPL
_bHN
082 _a820.0355
245 _aदलित साहित्य 2004 /
_cजयप्रकाश कर्दम द्वारा संपादित
246 _aDalit Sahitya 2004
_bby Jaiprakash Kardam
260 _aदिल्ली
_bनिर्मल पब्लिकेशन्स
_c2005
270 _aए-139, गली नं.3, कबीर नगर, शाहदरा
_bदिल्ली
_e110094
_k09350295129
300 _a224पृ.
_c22सेमी (सजिल्द)
650 _aहिन्दी साहित्य
_y2004
_xदलित
650 _aHindi Literature
_y2004
_xDalit
700 _aकर्दम, जयप्रकाश
942 _2ddc
_cHN
_h820.0355
_mदलित
999 _c14861
_d14861